MARC

LEADER 00000nam0a2200000 4500
001 161278
005 20231031155844.0
035 |a (RuTPU)RU\TPU\book\174891 
090 |a 161278 
100 |a 20090605d1992 m y0rusy50 ca 
101 0 |a rus 
102 |a RU 
105 |a a z 001zy 
200 1 |a Неопределенный и определенный интегралы. Функции нескольких переменных  |e учебное пособие для вузов  |f Н. С. Григорьева, А. А. Потапенко  |g Северо-Западный заочный политехнический институт (СЗПИ) 
210 |a Ленинград  |c Изд-во Северо-Западного ЗПИ  |d 1992 
215 |a 126 с.  |c ил. 
320 |a Библиогр.: с. 124. 
610 1 |a математический анализ 
610 1 |a интегральное исчисление 
610 1 |a функции нескольких переменных 
610 1 |a неопределенные интегралы 
610 1 |a определенные интегралы 
610 1 |a частные производные 
610 1 |a приложения 
610 1 |a учебные пособия 
675 |a 517.3(07)  |v 3 
675 |a 517.55(07)  |v 3 
700 1 |a Григорьева  |b Н. С.  |g Наталья Серафимовна 
701 1 |a Потапенко  |b А. А.  |g Александр Алексеевич 
712 0 2 |a Северо-Западный заочный политехнический институт (СЗПИ)  |c (Ленинград)  |2 stltpush  |3 (RuTPU)RU\TPU\col\2602 
801 1 |a RU  |b 63413507  |c 20090605  |g PSBO 
801 2 |a RU  |b 63413507  |c 20091228  |g RCR 
942 |c BK